000 006750000a22002290004500
090 _aAR
_b03345
245 1 0 _aNew or little-known Colombian birds
500 _a<Colección Aves>
650 1 4 _aOrnitología
_993189
650 1 4 _aAves
_992429
650 1 4 _aColecciones biológicas
_94146
650 1 4 _aEspecies raras
_996296
650 1 4 _aMorfología
_992917
651 4 _pColombia
_992749
653 _gZodalia
653 _gNeolesbia
653 _gTrogon
_eTrogon personatus
041 0 _aInglés
100 1 _aMeyer de Schauensee, Rodolphe
_99457
942 _cARTICULO
773 1 _tProceedings of the Academy of Natural Sciences Philadelphia
_3123
_q107-125
_d1947
_g99
999 _c12396
_d12396